Design in nature /

Bibliographic Details
Main Author: Ritchie, James, 1882-
Format: Book
Language:English
Published: London : New York : Country life, limited; C. Scribner's sons, [1937]
Series:The design of life series
Subjects:

MARC

Tag First Indicator Second Indicator Subfields
LEADER 00000cam a2200000 4500
001 in00000042028
005 20151007070713.0
008 750806r1937 enkaf 00010 eng u
010 |a  37028438  
035 |a (OCoLC)01517842 
035 |9 AAE4547AM 
040 |c FQG  |d TXA  |d UtOrBLW 
049 |a TXAM  |c [122737] 
050 0 0 |a QH45  |b .R57 
082 0 |a 574.54 
092 |a 574  |b R599d 
100 1 |a Ritchie, James,  |d 1882- 
245 1 0 |a Design in nature /  |c by James Ritchie ... 
264 1 |a London :  |b Country life, limited;  |a New York :  |b C. Scribner's sons,  |c [1937] 
300 |a 142 pages :  |b frontispiece, 2 illustrations, plates. ;  |c 19 cm. 
336 |a text  |b txt  |2 rdacontent 
337 |a unmediated  |b n  |2 rdamedia 
338 |a volume  |b nc  |2 rdacarrier 
490 0 |a The design of life series 
500 |a "First published, 1937." 
650 0 |a Natural history. 
740 0 |a Nature, Design in. 
999 |a MARS 
999 f f |s 5345037d-08be-33d3-8c64-eb7f6d931a07  |i 60524d9b-d802-3430-91d6-0cf8b46b38d4  |t 0 
952 f f |p ric  |a Texas A&M University  |b Rellis Campus  |c Joint Library Facility  |d Remote Storage  |t 0  |e QH45 .R57  |h Library of Congress classification  |i unmediated -- volume  |m A14800971101 
998 f f |a QH45 .R57  |t 0  |l Remote Storage